| 000 | 00947cam a22003011 4500 | ||
|---|---|---|---|
| 001 | 18623 | ||
| 003 | BD-RjUL | ||
| 005 | 20211209000318.0 | ||
| 008 | 140220s1925 xx 001 0 eng d | ||
| 035 | _a(BD-RjUL)18681 | ||
| 035 | _a(OCoLC)1298626 | ||
| 040 |
_aDLC _cOYU _dOCoLC _dBD-RjUL _beng |
||
| 041 | _aeng | ||
| 082 |
_a723.5 _bRUS 1925 |
||
| 100 | 1 |
_aRuskin, John, _d1819-1900. _946315 |
|
| 245 | 1 | 4 |
_aThe seven lamps of architecture / _c[by] John Ruskin. |
| 260 |
_aLondon ; _bNew York : _bE.P. Dutton, _c1925. |
||
| 300 |
_axviiii, 444 p. ; _c18 cm. |
||
| 490 | 0 | _aEveryman's library. Essays & belles-lettres. [no. 207] | |
| 500 | _a"First published in this edition, 1907; reprinted ... 1932." | ||
| 500 | _aIncludes index. | ||
| 504 | _aBibliography: p. xviii-xx. | ||
| 650 | 0 |
_aArchitecture. _957354 |
|
| 700 | 1 |
_aImage, Selwyn, _d1849-1930. _957355 |
|
| 942 |
_2ddc _cBK |
||
| 999 |
_c18623 _d18623 |
||